035_ Personnalités nées un 4 février par images - Statistiques

Statistiques générales
  • Ce quiz a été pris 32 fois
  • Le résultat moyen est 2 sur 9
Statistiques - réponses
Par images Hint Réponse % Correct
Youtubeuse Juju Fitcats
91%
Militante Rosa Parks
72%
Ancienne déportée Ginette Kolinka
34%
Écrivain Jacques Prévert
6%
Homme d'affaires Hunter Biden
3%
Écrivain Marivaux
3%
Peintre Fernand Léger
0%
Acteur James Craig
0%
Actrice Marisol
0%
Aucun quiz correspondant
Distribution des résultats
% des personnes avec chaque résultat
Percentile par nombre de réponses
Votre historique - résultats
Vous n’avez pas pris ce quiz